[Event "CAN-ch U20"]
[Site "Mississauga"]
[Date "2017.08.09"]
[Round "1"]
[White "Kang, Dorian"]
[Black "Cai, Jason"]
[Result "0-1"]
[WhiteElo "1716"]
[BlackElo "2130"]
[PlyCount "122"]
[EventDate "2017.08.09"]
[EventType "swiss"]
[EventRounds "9"]
[EventCountry "CAN"]
[SourceTitle "CBM 180 Extra"]
[Source "ChessBase"]
[SourceDate "2017.10.06"]
[SourceVersion "1"]
[SourceVersionDate "2017.10.06"]
[SourceQuality "1"]

1. c4 e6 2. Nc3 Bb4 3. Nf3 f5 4. d4 Nf6 5. g3 0-0 6. Bg2 Bxc3+ 7. bxc3 d6 8. 0-0 Nc6 9. e3 e5 10. Ba3 e4 11. Nd2 Re8 12. Re1 b6 13. f4 Na5 14. Bb4 Nb7 15. Bf1 c5 16. Ba3 Be6 17. Nb3 Qd7 18. Bb2 Qa4 19. Nd2 Qa6 20. d5 Bd7 21. Nb3 Na5 22. Nxa5 Qxa5 23. a4 Kf7 24. Qb3 Rg8 25. Kh1 g5 26. Bh3 h5 27. Qa2 gxf4 28. gxf4 Rg6 29. Rg1 Rag8 30. Rxg6 Rxg6 31. Qb3 Ng4 32. Bxg4 hxg4 33. Kg2 Rh6 34. Bc1 b5 35. cxb5 Qd8 36. Qd1 Qh4 37. Qg1 Qh3+ 38. Kf2 Qf3+ 39. Ke1 g3 40. Qxg3 Qh1+ 41. Kd2 Rxh2+ 42. Qxh2 Qxh2+ 43. Kd1 Ke7 44. c4 Be8 45. Bd2 Qh1+ 46. Be1 Bh5+ 47. Kd2 Qg2+ 48. Kc3 Qe2 49. a5 Qxe3+ 50. Kb2 Qe2+ 51. Kb3 Qd3+ 52. Kb2 Bd1 53. Rc1 Qb3+ 54. Ka1 Bc2 55. Bh4+ Kd7 56. Rxc2 Qxc2 57. b6 axb6 58. axb6 Qa4+ 59. Kb2 Qb4+ 60. Kc2 Qxb6 61. Bf2 Qb4 0-1

[Event "Ottawa Ontario op"]
[Site "Ottawa"]
[Date "2017.05.20"]
[Round "1"]
[White "Cai, Jason"]
[Black "Sambuev, Bator"]
[Result "0-1"]
[WhiteElo "2599"]
[BlackElo "1946"]
[PlyCount "78"]
[EventDate "2017.05.20"]
[EventType "swiss"]
[EventRounds "6"]
[EventCountry "CAN"]
[SourceTitle "EXT 2022"]
[Source "ChessBase"]
[SourceDate "2021.10.06"]
[SourceVersion "1"]
[SourceVersionDate "2021.10.06"]
[SourceQuality "1"]

1. e4 e6 2. d4 d5 3. Nd2 c5 4. exd5 exd5 5. Ngf3 Nf6 6. Bb5+ Bd7 7. Bxd7+ Nbxd7 8. 0-0 Be7 9. dxc5 Nxc5 10. Nd4 Qd7 11. Qf3 0-0 12. Nf5 Bd8 13. Nb3 Nce4 14. Be3 Rc8 15. c3 a5 16. Nbd4 a4 17. a3 h5 18. Rfe1 g6 19. Ng3 Re8 20. h3 Nd6 21. Bg5 Nfe4 22. Bxd8 Rcxd8 23. Rad1 f5 24. Qf4 Nc4 25. f3 Qd6 26. Qxd6 Nexd6 27. Ne6 Nxb2 28. Nxd8 Nxd1 29. Rxd1 Rxd8 30. Rxd5 Nf7 31. Rxd8+ Nxd8 32. Ne2 Nf7 33. f4 Nd6 34. Nd4 Nc4 35. Nb5 Kf7 36. Kf2 Ke6 37. Ke2 Kd5 38. Kd3 Kc5 39. Nc7 Nxa3 0-1

[Event "North American op 26th"]
[Site "Las Vegas"]
[Date "2016.12.27"]
[Round "3"]
[White "Taghizadeh, Rayan"]
[Black "Cai, Jason"]
[Result "1-0"]
[WhiteElo "2310"]
[BlackElo "2088"]
[PlyCount "43"]
[EventDate "2016.12.26"]
[EventType "swiss"]
[EventRounds "9"]
[EventCountry "USA"]
[SourceTitle "CBM 176 Extra"]
[Source "ChessBase"]
[SourceDate "2017.03.02"]
[SourceVersion "1"]
[SourceVersionDate "2017.03.02"]
[SourceQuality "1"]

1. e4 e6 2. d4 d5 3. Nd2 c5 4. exd5 exd5 5. Ngf3 Nf6 6. Bb5+ Bd7 7. Bxd7+ Nbxd7 8. 0-0 Be7 9. dxc5 Nxc5 10. Nd4 Qd7 11. Qf3 0-0 12. Nf5 Bd8 13. b3 Nfe4 14. Nxe4 dxe4 15. Qg4 Bf6 16. Ba3 Qc8 17. Rad1 Kh8 18. Rd5 b6 19. Bxc5 bxc5 20. Qxe4 Re8 21. Qc4 Be5 22. Rxe5 1-0

[Event "Windsor NAYCC U14"]
[Site "Windsor"]
[Date "2016.08.10"]
[Round "6.59"]
[White "Doknjas, Joshua"]
[Black "Cai, Jason"]
[Result "1/2-1/2"]
[WhiteElo "2137"]
[BlackElo "1997"]
[PlyCount "75"]
[EventDate "2016.08.07"]
[EventType "swiss"]
[EventRounds "9"]
[EventCountry "CAN"]
[SourceTitle "EXT 2022"]
[Source "ChessBase"]
[SourceDate "2021.10.06"]
[SourceVersion "1"]
[SourceVersionDate "2021.10.06"]
[SourceQuality "1"]

1. e4 e6 2. d4 d5 3. Nc3 Bb4 4. exd5 exd5 5. Bd3 Nc6 6. a3 Bxc3+ 7. bxc3 Nge7 8. Qh5 Be6 9. Rb1 b6 10. Nf3 Qd7 11. Ng5 0-0-0 12. 0-0 g6 13. Qe2 Nf5 14. Nxe6 fxe6 15. a4 Nd6 16. Ba3 Na5 17. Bb4 Nac4 18. a5 b5 19. Bxd6 cxd6 20. a6 Rhe8 21. Rb4 Kc7 22. Bxc4 dxc4 23. Qd1 Rb8 24. Qa1 Rb6 25. Qa3 Qc6 26. Ra1 Rf8 27. Rbb1 Rf5 28. f3 h5 29. Re1 Kd7 30. Qc1 g5 31. Qe3 Qd5 32. h3 Rb8 33. Rab1 Rf4 34. Rb2 Rb6 35. Ra2 Qf5 36. Qe2 Qd5 37. Qe3 Qf5 38. Qe2 1/2-1/2

[Event "Windsor NAYCC U14"]
[Site "Windsor"]
[Date "2016.08.10"]
[Round "7.59"]
[White "Hua, Eugene"]
[Black "Cai, Jason"]
[Result "1-0"]
[WhiteElo "2140"]
[BlackElo "1997"]
[PlyCount "77"]
[EventDate "2016.08.07"]
[EventType "swiss"]
[EventRounds "9"]
[EventCountry "CAN"]
[SourceTitle "EXT 2022"]
[Source "ChessBase"]
[SourceDate "2021.10.06"]
[SourceVersion "1"]
[SourceVersionDate "2021.10.06"]
[SourceQuality "1"]

1. c4 c5 2. Nf3 Nc6 3. g3 g6 4. Bg2 Bg7 5. Nc3 e5 6. 0-0 Nge7 7. Ne1 0-0 8. Nc2 d6 9. a3 a5 10. Ne3 f5 11. Ned5 Be6 12. d3 h6 13. Rb1 Bf7 14. Nxe7+ Qxe7 15. Nd5 Qd8 16. b4 cxb4 17. axb4 axb4 18. Nxb4 Rc8 19. Nd5 Rb8 20. Be3 Nd4 21. Rb4 Re8 22. Qd2 Kh7 23. Rfb1 Qa5 24. Bxd4 exd4 25. Nb6 Re7 26. Bd5 Bxd5 27. Nxd5 Re6 28. Qb2 Qd8 29. Rxb7 Rxb7 30. Qxb7 h5 31. Qf7 Qg8 32. Qc7 Kh6 33. Rb8 Re8 34. Rb7 Re6 35. Nf4 Rf6 36. h4 Qf8 37. Qd7 Qg8 38. Nd5 Rf8 39. Qe7 1-0

[Event "Aurora Fall op"]
[Site "Aurora "]
[Date "2015.10.03"]
[Round "2.1"]
[White "Cai, Jason"]
[Black "Plotkin, Victor"]
[Result "1/2-1/2"]
[WhiteElo "2144"]
[BlackElo "2406"]
[PlyCount "68"]
[EventDate "2015.10.03"]
[EventType "swiss"]
[EventRounds "5"]
[EventCountry "CAN"]
[SourceTitle "EXT 2019"]
[Source "ChessBase"]
[SourceDate "2018.10.10"]
[SourceVersion "1"]
[SourceVersionDate "2018.10.10"]
[SourceQuality "1"]

1. e4 e5 2. Nf3 Nf6 3. Nxe5 d6 4. Nf3 Nxe4 5. Nc3 Nxc3 6. dxc3 Be7 7. Be3 Nc6 8. Bc4 0-0 9. 0-0 Bg4 10. h3 Bxf3 11. Qxf3 Ne5 12. Qe2 Nxc4 13. Qxc4 Qd7 14. Rad1 Rfe8 15. Rfe1 a6 16. Qd3 Qc6 17. Bd4 Bf8 18. c4 Re6 19. Bc3 Rae8 20. Rxe6 fxe6 21. Re1 g6 22. h4 Qc5 23. Re3 Bg7 24. Bxg7 Kxg7 25. Qc3+ Kg8 26. Rf3 e5 27. h5 Rf8 28. hxg6 hxg6 29. Rxf8+ Kxf8 30. b3 Qc6 31. Qh3 Kg7 32. Qe6 Qe4 33. Qe7+ Kh6 34. Qf8+ Kh7 1/2-1/2

[Event "North American-ch U20"]
[Site "Kitchener"]
[Date "2015.07.28"]
[Round "5"]
[White "Hua, Eugene"]
[Black "Cai, Jason"]
[Result "0-1"]
[WhiteElo "1876"]
[BlackElo "2046"]
[PlyCount "66"]
[EventDate "2015.07.26"]
[EventType "swiss"]
[EventRounds "9"]
[EventCountry "CAN"]
[SourceTitle "EXT 2019"]
[Source "ChessBase"]
[SourceDate "2018.10.10"]
[SourceVersion "1"]
[SourceVersionDate "2018.10.10"]
[SourceQuality "1"]

1. Nf3 c5 2. g3 Nc6 3. c4 g6 4. Bg2 Bg7 5. 0-0 Nf6 6. Nc3 0-0 7. d3 d5 8. cxd5 Nxd5 9. Bd2 Nxc3 10. Bxc3 e5 11. Ne1 Qd6 12. Nc2 Be6 13. Qd2 Rac8 14. b4 b6 15. Rfc1 Rfd8 16. bxc5 bxc5 17. Qe1 Nd4 18. Ne3 f5 19. Ba5 Rf8 20. Nc4 Qd7 21. Rab1 Bd5 22. e4 fxe4 23. dxe4 Be6 24. Qe3 Qa4 25. Bf1 Rf3 26. Qg5 Rcf8 27. Qe7 Rxf2 28. Qxc5 Qxa2 29. Nd2 Rxd2 30. Bxd2 Qxd2 31. Rc3 Rxf1+ 32. Rxf1 Qxc3 33. Qd6 h6 0-1

[Event "CAN-ch"]
[Site "Guelph"]
[Date "2015.07.13"]
[Round "6"]
[White "Doknjas, John"]
[Black "Cai, Jason"]
[Result "1/2-1/2"]
[WhiteElo "2218"]
[BlackElo "2046"]
[PlyCount "82"]
[EventDate "2015.07.10"]
[EventType "swiss"]
[EventRounds "9"]
[EventCountry "CAN"]
[SourceTitle "CBM 167 Extra"]
[Source "ChessBase"]
[SourceDate "2015.09.14"]
[SourceVersion "1"]
[SourceVersionDate "2015.09.14"]
[SourceQuality "1"]

1. d4 Nf6 2. c4 e6 3. Nc3 Bb4 4. e3 0-0 5. Bd3 d5 6. Nge2 c5 7. cxd5 exd5 8. a3 cxd4 9. exd4 Be7 10. 0-0 Bg4 11. f3 Bh5 12. Qb3 Qc7 13. g4 Bg6 14. Bxg6 hxg6 15. g5 Nh7 16. Qxd5 Qc8 17. f4 Nc6 18. Qg2 Re8 19. Bd2 Qd8 20. d5 Na5 21. Kh1 Nc4 22. Bc1 Qb6 23. b4 a5 24. bxa5 Rxa5 25. Rb1 Qc7 26. a4 Bc5 27. Qf3 Qd7 28. Rb5 Rxb5 29. axb5 Nd6 30. Ng3 Nxb5 31. Nxb5 Qxb5 32. f5 Qd7 33. fxg6 fxg6 34. Qd3 Re5 35. Rd1 Nf8 36. Bf4 Re8 37. Ne4 Bb6 38. Ng3 Qg4 39. Rf1 Qd7 40. Qb3 Bc5 41. Qd3 Ne6 1/2-1/2

[Event "World ol U16"]
[Site "Gyor"]
[Date "2014.12.19"]
[Round "8.3"]
[White "Isakzhanov, Aibek"]
[Black "Cai, Jason"]
[Result "0-1"]
[WhiteElo "1785"]
[BlackElo "1962"]
[PlyCount "122"]
[EventDate "2014.12.13"]
[EventType "team-swiss"]
[EventRounds "10"]
[EventCountry "HUN"]
[SourceTitle "EXT 2016"]
[Source "ChessBase"]
[SourceDate "2015.10.08"]
[SourceVersion "1"]
[SourceVersionDate "2015.10.08"]
[SourceQuality "1"]
[WhiteTeam "Kyrgyzstan"]
[BlackTeam "Canada III"]
[WhiteTeamCountry "KGZ"]
[BlackTeamCountry "CAN"]

1. e4 c5 2. Nf3 Nc6 3. d4 cxd4 4. Nxd4 Nf6 5. Nc3 e5 6. Nb3 Bb4 7. Bc4 0-0 8. Bg5 d6 9. 0-0 Bxc3 10. bxc3 h6 11. Bxf6 Qxf6 12. Bd5 Rd8 13. Qd3 Ne7 14. c4 Rb8 15. Qe3 b6 16. f4 Nxd5 17. cxd5 Re8 18. f5 Ba6 19. Rf2 Rbc8 20. a4 Rc7 21. a5 b5 22. Nc1 Qg5 23. Qa3 b4 24. Qxb4 Qe3 25. Qd2 Qxe4 26. Na2 Rb8 27. Re1 Qc4 28. c3 Rb3 29. f6 Qd3 30. Qc1 g5 31. h4 Qg6 32. hxg5 hxg5 33. Qe3 Rc5 34. Rc1 Bb5 35. Nb4 a6 36. Qd2 Rc4 37. Rf3 Rb1 38. Rg3 Rxc1+ 39. Qxc1 Rf4 40. Qe3 g4 41. Nd3 Bxd3 42. Qxd3 Qxd3 43. Rxd3 Kh7 44. Rd2 Kg6 45. Rf2 Rc4 46. Rb2 Rxc3 47. Rb6 g3 48. Kf1 Rc2 49. Rxa6 Rf2+ 50. Ke1 Rxg2 51. Rxd6 Ra2 52. Kf1 Rxa5 53. Kg2 Ra3 54. Rb6 Rd3 55. d6 Kxf6 56. d7+ Ke7 57. Rb5 f6 58. Rb6 Rxd7 59. Kxg3 Rd4 60. Kf3 Rd6 61. Rb5 Ke6 0-1

[Event "World ol U16"]
[Site "Gyor"]
[Date "2014.12.13"]
[Round "1.4"]
[White "Toma, Radu Cristian"]
[Black "Cai, Jason"]
[Result "1-0"]
[WhiteElo "2255"]
[BlackElo "1962"]
[PlyCount "80"]
[EventDate "2014.12.13"]
[EventType "team-swiss"]
[EventRounds "10"]
[EventCountry "HUN"]
[SourceTitle "EXT 2016"]
[Source "ChessBase"]
[SourceDate "2015.10.08"]
[SourceVersion "1"]
[SourceVersionDate "2015.10.08"]
[SourceQuality "1"]
[WhiteTeam "Romania"]
[BlackTeam "Canada III"]
[WhiteTeamCountry "ROU"]
[BlackTeamCountry "CAN"]

1. Nf3 Nf6 2. c4 c5 3. g3 b6 4. Bg2 Bb7 5. 0-0 g6 6. e3 Bg7 7. d4 cxd4 8. exd4 0-0 9. Nc3 Na6 10. Qe2 Nc7 11. Ne5 Bxg2 12. Kxg2 Ne6 13. Rd1 d5 14. Be3 Rc8 15. b3 Qd6 16. Rac1 Rfd8 17. Nb5 Qb8 18. Qf3 Qa8 19. Nc3 dxc4 20. Qxa8 Rxa8 21. bxc4 Rdc8 22. d5 Nd8 23. Bd4 Ne8 24. Ne4 Nd6 25. Nxd6 exd6 26. Ng4 Bxd4 27. Rxd4 Nb7 28. Re1 Na5 29. Ree4 Kg7 30. Rf4 Rc7 31. Ne3 Rac8 32. g4 Rc5 33. g5 Nb7 34. Rde4 Kf8 35. Rh4 Na5 36. Ref4 Kg7 37. Ng4 Rh8 38. Nf6 Rcc8 39. Rh6 Rxc4 40. Rf3 Nb7 1-0

[Event "Aurora Fall op"]
[Site "Aurora"]
[Date "2014.10.04"]
[Round "1"]
[White "Cai, Jason"]
[Black "Preotu, Razvan"]
[Result "0-1"]
[WhiteElo "1932"]
[BlackElo "2405"]
[PlyCount "64"]
[EventDate "2014.10.04"]
[EventType "swiss"]
[EventRounds "5"]
[EventCountry "CAN"]
[SourceTitle "CBM 162 Extra"]
[Source "ChessBase"]
[SourceDate "2014.10.17"]
[SourceVersion "1"]
[SourceVersionDate "2014.10.17"]
[SourceQuality "1"]

1. e4 c5 2. Nc3 Nc6 3. f4 e6 4. Nf3 d5 5. Bb5 Nge7 6. exd5 exd5 7. Qe2 Qd6 8. Ne5 f6 9. Nf3 Bg4 10. 0-0 0-0-0 11. Bxc6 Nxc6 12. Qf2 Qxf4 13. d3 Qf5 14. h3 Bxf3 15. Qxf3 Qxf3 16. Rxf3 Bd6 17. Nb5 Rhe8 18. Bf4 Bxf4 19. Rxf4 a6 20. Nc3 Nd4 21. Rf2 b5 22. Kf1 Kc7 23. Rc1 Kc6 24. Nb1 Re5 25. g4 h5 26. c3 Ne6 27. Re1 hxg4 28. hxg4 Rh8 29. Rxe5 fxe5 30. Na3 Nf4 31. Rd2 Rh1+ 32. Kf2 Rh2+ 0-1

[Event "North American-ch U20"]
[Site "Kitchener"]
[Date "2014.07.31"]
[Round "1.9"]
[White "Song, Michael"]
[Black "Cai, Jason"]
[Result "1-0"]
[WhiteElo "2252"]
[BlackElo "1850"]
[PlyCount "101"]
[EventDate "2014.07.31"]
[EventType "swiss"]
[EventRounds "9"]
[EventCountry "CAN"]
[SourceTitle "EXT 2022"]
[Source "ChessBase"]
[SourceDate "2021.10.06"]
[SourceVersion "1"]
[SourceVersionDate "2021.10.06"]
[SourceQuality "1"]

1. d4 Nf6 2. c4 c5 3. d5 b5 4. cxb5 a6 5. bxa6 g6 6. Nc3 Bxa6 7. g3 Bg7 8. Bg2 d6 9. Nf3 Nbd7 10. Rb1 0-0 11. 0-0 Qa5 12. Bd2 Bb7 13. Qc2 Qa7 14. Nh4 Rfb8 15. b3 Rc8 16. a4 Nb6 17. e4 Ba6 18. Rfd1 Rab8 19. h3 Nbd7 20. Bf1 Bxf1 21. Rxf1 Ne8 22. Kh1 Nc7 23. f4 Qa6 24. Ng2 Rf8 25. Ne3 e6 26. Nc4 Bxc3 27. Bxc3 exd5 28. exd5 Nxd5 29. Ba1 N7f6 30. f5 Rbe8 31. Rbe1 Qc6 32. Kh2 Rxe1 33. Rxe1 Re8 34. Rxe8+ Nxe8 35. fxg6 hxg6 36. Qe4 Ng7 37. Kg1 Nf5 38. g4 Ng7 39. Kf2 Ne6 40. h4 Nb4 41. Qxc6 Nxc6 42. Nxd6 Na5 43. Bc3 Nxb3 44. Ke3 Nbd4 45. Ke4 Kf8 46. Kd5 Ke7 47. Nb7 Kd7 48. Nxc5+ Nxc5 49. Kxc5 Nc6 50. Bf6 Kc7 51. h5 1-0

[Event "Toronto NAYCC U12"]
[Site "Toronto"]
[Date "2013.08.18"]
[Round "8"]
[White "Cai, Jason"]
[Black "Liang, Hairan"]
[Result "1-0"]
[WhiteElo "1778"]
[BlackElo "1073"]
[PlyCount "67"]
[EventDate "2013.08.14"]
[EventType "swiss"]
[EventRounds "9"]
[EventCountry "CAN"]
[SourceTitle "EXT 2022"]
[Source "ChessBase"]
[SourceDate "2021.10.06"]
[SourceVersion "1"]
[SourceVersionDate "2021.10.06"]
[SourceQuality "1"]

1. e4 e5 2. Nf3 Nc6 3. Bc4 Bc5 4. c3 Nf6 5. d3 0-0 6. Nbd2 d6 7. Bb3 Bg4 8. h3 Be6 9. Nf1 Bxb3 10. Qxb3 Bb6 11. Bg5 h6 12. Bh4 g5 13. Bg3 Ne7 14. Ne3 Kg7 15. h4 g4 16. Nd2 Bxe3 17. fxe3 Nh5 18. Bf2 b6 19. 0-0-0 f5 20. exf5 Nxf5 21. Qc4 Nf6 22. e4 Ne7 23. Rdf1 Qd7 24. d4 Nh5 25. g3 Ng6 26. Qd3 Rad8 27. Be1 Rxf1 28. Rxf1 Rf8 29. Rxf8 Kxf8 30. Nc4 Qe7 31. Ne3 Nf6 32. Nf5 Qh7 33. Bd2 Ng8 34. Qa6 1-0